| 000 | 00350pam a2200133a 44500 | ||
|---|---|---|---|
| 008 | 230405s2009 xxu||||| |||| 00| 0 eng d | ||
| 041 | _aENG | ||
| 100 | _aDR.A V KASTURE / DR.SG WADODKAR | ||
| 245 | _aPRACTICAL PHARMACEUTICAL CHEMISTRY -II | ||
| 250 | _a5 | ||
| 260 |
_aNEW YORK _bJOHN WILLY & SONS NEW YORK _c2009 |
||
| 300 | _a60 | ||
| 906 | _a3816 | ||
| 999 |
_c269255 _d269255 |
||